000 00801nam a2200253Ia 4500
003 OSt
005 20220926034012.0
006 a|||||r|||| 00| 0
007 ta
008 220923b |||||||| |||| 00| 0 eng d
037 _cGeneral Book
040 _aRTL
_cRTL
_beng
041 _2eng
_aeng
082 _aX:10j516.73.N7, L1
100 _aCohen Manuel F
_9339905
245 0 _aCan regulatory agencies protect consumers?
260 _aWashington
_bAEIPPR
_c1971
300 _a88p.
_ccm.
490 _aAmerican Enterprise Institute for Public Policy Research, Rational Debate Seminars. 4
650 _aConsumption Economics
700 _a Stigler George J
942 _hX:10j516.73.N7, L1
_cGB
_2CC
999 _c658521
_d658521